[Event "GER-ch Net qual3 U25"]
[Site "Playchess.com INT"]
[Date "2012.09.08"]
[Round "5"]
[White "Eibl, Maximilian"]
[Black "Schnoor, Ekkehard"]
[Result "1-0"]
[WhiteElo "2113"]
[BlackElo "1997"]
[PlyCount "117"]
[EventDate "2012.09.08"]
[EventType "swiss (blitz)"]
[EventRounds "7"]
[EventCountry "GER"]
[SourceTitle "CBM 150 Extra"]
[Source "ChessBase"]
[SourceDate "2012.10.19"]
[SourceVersion "1"]
[SourceVersionDate "2012.10.19"]
[SourceQuality "1"]

1. e4 e6 2. d4 d5 3. Nc3 Nc6 4. Nf3 Nf6 5. Bg5 Be7 6. e5 Ne4 7. Bxe7 Qxe7 8. Bd3 Nxc3 9. bxc3 Na5 10. Rb1 b6 11. 0-0 h6 12. Qe2 0-0 13. Nd2 c5 14. Qg4 c4 15. Be2 Qg5 16. Qxg5 hxg5 17. Nf3 f6 18. h4 gxh4 19. Nxh4 Bd7 20. f4 Ba4 21. Rbc1 Nc6 22. exf6 gxf6 23. Bg4 Rae8 24. Rfe1 Nd8 25. Bh5 Re7 26. Ng6 Rg7 27. Nxf8 Kxf8 28. Kf2 f5 29. Rg1 Nb7 30. Bf3 Nd6 31. Ke3 Rg3 32. Kf2 Rg7 33. Ke3 Rg3 34. Kd2 Ke7 35. Rce1 Kf6 36. Re3 Bd7 37. Rh1 Rg7 38. Rh6+ Rg6 39. Rxg6+ Kxg6 40. g4 fxg4 41. Bxg4 Nf5 42. Bxf5+ Kxf5 43. Rh3 Kxf4 44. Rh7 Be8 45. Rxa7 Kf5 46. Re7 Ba4 47. Rb7 b5 48. Ke3 Kf6 49. Kf4 Kg6 50. Ke5 Kg5 51. Kxe6 Kf4 52. Kxd5 Ke3 53. Kc5 Kd2 54. Rxb5 Bxb5 55. Kxb5 Kxc3 56. d5 Kd4 57. d6 c3 58. d7 Ke3 59. d8Q 1-0

[Event "GER-ch Net qual3 U25"]
[Site "Playchess.com INT"]
[Date "2012.09.08"]
[Round "3"]
[White "Fuchs, Judith"]
[Black "Eibl, Maximilian"]
[Result "1-0"]
[WhiteElo "2231"]
[BlackElo "2113"]
[PlyCount "57"]
[EventDate "2012.09.08"]
[EventType "swiss (blitz)"]
[EventRounds "7"]
[EventCountry "GER"]
[SourceTitle "CBM 150 Extra"]
[Source "ChessBase"]
[SourceDate "2012.10.19"]
[SourceVersion "1"]
[SourceVersionDate "2012.10.19"]
[SourceQuality "1"]

1. e4 c5 2. Nf3 d6 3. d4 cxd4 4. Nxd4 Nf6 5. Nc3 a6 6. f3 e6 7. Be3 b5 8. Qd2 Bb7 9. g4 Nfd7 10. 0-0-0 Nb6 11. h4 N8d7 12. Qf2 b4 13. Nb1 Qc7 14. Nd2 Rc8 15. N2b3 d5 16. e5 Nc4 17. f4 Nxe3 18. Qxe3 Nc5 19. Kb1 Nxb3 20. cxb3 Bc5 21. Rh2 Qb6 22. Rhd2 0-0 23. f5 Rc7 24. f6 Rfc8 25. fxg7 Bxd4 26. Rxd4 Rc2 27. Bd3 R2c7 28. Qh6 f5 29. exf6 1-0

[Event "GER-ch Net qual3 U25"]
[Site "Playchess.com INT"]
[Date "2012.09.08"]
[Round "4"]
[White "Moeller, Hendrik"]
[Black "Eibl, Maximilian"]
[Result "1-0"]
[WhiteElo "2242"]
[BlackElo "2113"]
[PlyCount "53"]
[EventDate "2012.09.08"]
[EventType "swiss (blitz)"]
[EventRounds "7"]
[EventCountry "GER"]
[SourceTitle "CBM 150 Extra"]
[Source "ChessBase"]
[SourceDate "2012.10.19"]
[SourceVersion "1"]
[SourceVersionDate "2012.10.19"]
[SourceQuality "1"]

1. c4 Nf6 2. g3 c5 3. Bg2 e6 4. Nc3 d6 5. Nf3 Be7 6. 0-0 0-0 7. d4 cxd4 8. Nxd4 a6 9. e4 Qc7 10. Be3 Qxc4 11. Rc1 Qb4 12. Qd2 Bd7 13. a3 Qa5 14. b4 Qd8 15. Nb3 Nc6 16. Rfd1 Ne5 17. Na5 Bc6 18. h3 Qd7 19. f4 Ng6 20. Nxc6 bxc6 21. Na4 Rad8 22. Qe2 d5 23. e5 Ne8 24. Nc5 Bxc5 25. Bxc5 Ne7 26. Qxa6 Ra8 27. Qxa8 1-0

[Event "Oberpfalz-ch M1"]
[Site "Burglengenfeld"]
[Date "2012.04.01"]
[Round "4"]
[White "Eibl, Maximilian"]
[Black "Schmid, Roland1111"]
[Result "1/2-1/2"]
[WhiteElo "2113"]
[BlackElo "2246"]
[PlyCount "53"]
[EventDate "2012.03.31"]
[EventType "swiss"]
[EventRounds "8"]
[EventCountry "GER"]
[SourceTitle "EXT 2022"]
[Source "ChessBase"]
[SourceDate "2021.10.06"]
[SourceVersion "1"]
[SourceVersionDate "2021.10.06"]
[SourceQuality "1"]

1. Nf3 d5 2. c4 e6 3. g3 Nf6 4. Bg2 Be7 5. 0-0 0-0 6. d3 c5 7. Nbd2 Nc6 8. Re1 b6 9. a3 Bb7 10. Qc2 Rc8 11. e4 dxe4 12. dxe4 Qc7 13. b3 Rfd8 14. Bb2 Ng4 15. Nf1 Nd4 16. Nxd4 cxd4 17. Qd1 Ne5 18. f4 Ng6 19. Qd3 a5 20. Nd2 e5 21. f5 Nf8 22. h4 Nd7 23. Bh3 f6 24. g4 b5 25. Rac1 b4 26. a4 Nc5 27. Qf3 1/2-1/2